Bordering States with the Same First Letter - Statistics

General Stats
  • This quiz has been taken 181 times
  • The average score is 4 of 5
Answer Stats
Letter State % Correct
I Illinois
92%
I Indiana
90%
I Iowa
87%
N New York
78%
N New Jersey
70%
No matching quizzes found
Score Distribution
Percent of People with Each Score
Percentile by Number Answered
Your Score History
You have not taken this quiz